| 000 | 01044cad a22001935a 4500 | ||
|---|---|---|---|
| 001 | L157459 | ||
| 008 | 121212s2012 xxk f 000 0 eng d | ||
| 035 | _a(Sirsi) u157459 | ||
| 041 | 0 | _aeng | |
| 245 | 0 | 0 |
_aEnergy Companies Obligation Brokerage Mechanism _bConsultation document _h[electronic resource] |
| 260 |
_aLondon _bDECC _c2012 |
||
| 520 | _aConsultation exercise is designed to inform the government's approach to regulating the Energy Company Obligation (ECO) brokerage service. The brokerage service will operate as a fortnighly auction which will allow delivery agents to sell 'lots' of committments to deliver units of ECO Carbon Saving Obligation, Affordable Warmth and Carbon Saving Communities. | ||
| 590 | _aKA | ||
| 651 | 4 | _aUnited Kingdom | |
| 690 |
_aEnergy _96237 |
||
| 690 |
_aSustainability _96271 |
||
| 856 | 4 | 0 |
_uhttps://www.decc.gov.uk/assets/decc/11/consultation/energy-companies-obligation-brokerage/7236-energy-companies-obligation-brokerage-con.pdf _zView the item free of charge at www.decc.gov.uk |
| 942 | _n0 | ||
| 999 |
_c114779 _d114779 |
||